| 000 | 00718cam a2200217 4500 | ||
|---|---|---|---|
| 020 | _a0070152217 | ||
| 082 | 0 | 0 |
_a692.1 _bDAL _cL-14, P-117 |
| 100 | 1 |
_aDalzell, J. Ralph _945372 |
|
| 245 | 1 | 0 |
_aPlan reading for home builders, _cby J. Ralph Dalzell. |
| 250 | _a2d ed., rev. | ||
| 260 |
_aNew York, _bMcGraw-Hill _c[c1972] |
||
| 300 |
_axiii, 163 p. _billus. _c28 cm. |
||
| 500 | _a"An updating of Blueprint reading for home builders." | ||
| 526 |
_a0 _b0 _c0 _d692_100000000000000_DAL |
||
| 650 | 0 |
_aArchitectural drawing. _925520 |
|
| 650 | 0 |
_aArchitecture, Domestic _xDesigns and plans. _945373 |
|
| 650 | 0 |
_aBlueprints. _937725 |
|
| 650 | 0 |
_aMCE _9379 |
|
| 700 | 1 |
_aMerritt, Frederick S., _926167 |
|
| 942 |
_2ddc _cBK |
||
| 999 |
_c548920 _d548920 |
||